Suomen rajanylityspaikat - Statistics

Yleistilastot
  • Tätä visaa on pelattu 45 kertaa
  • Keskiarvotulos 36 / 69
Vastaustilastot
% Oikein
Lentoasema Kemi–Tornio
92%
Satama Helsinki
89%
Lentoasema Helsinki–Malmi
89%
Ruotsi Tornio
89%
Satama Tornio (Röyttä)
89%
Lentoasema Turku
81%
Satama Turku
81%
Norja Utsjoki
78%
Lentoasema Oulu
75%
Satama Oulu
75%
Lentoasema Pori
75%
Satama Pori
75%
Lentoasema Rovaniemi
75%
Lentoasema Tampere–Pirkkala
72%
Satama Hamina–Kotka
69%
Lentoasema Lappeenranta
69%
Satama Lappeenranta
69%
Satama Hanko
67%
Venäjä Imatra
67%
Lentoasema Joensuu
67%
Lentoasema Jyväskylä
67%
Venäjä Salla
67%
Lentoasema Vaasa
67%
Satama Vaasa
67%
Lentoasema Kuopio
64%
Ruotsi Pello
64%
Lentoasema Kajaani
61%
Satama Rauma
61%
Satama Kemi
58%
Lentoasema Kittilä
58%
Satama Kokkola
58%
Lentoasema Kokkola–Pietarsaari
58%
Norja Nuorgam
58%
Venäjä Vaalimaa
58%
Lentoasema Enontekiö
56%
Norja Kilpisjärvi
56%
Ruotsi Kolari
56%
Venäjä Inari (Lieksa)
53%
Venäjä Kuusamo
53%
Lentoasema Kuusamo
53%
Ruotsi Muonio
53%
Satama Sköldvik (Kilpilahti)
53%
Satama Loviisa
50%
Satama Naantali
50%
Lentoasema Ivalo
44%
Venäjä Parikkala
44%
Venäjä Raja-Jooseppi
44%
Satama Raahe
39%
Lentoasema Savonlinna
39%
Lentoasema Maarianhamina
36%
Satama Maarianhamina
36%
Venäjä Niirala
36%
Lentoasema Seinäjoki
36%
Satama Uusikaupunki (Hepokari)
36%
Venäjä Nuijamaa
33%
Satama Pietarsaari
31%
Ruotsi Kaaresuvanto
28%
Satama Kantvik
28%
Lentoasema Mikkeli
28%
Venäjä Vartius
28%
Venäjä Vainikkala
25%
Ruotsi Aavasaksa
22%
Satama Inkoo
22%
Norja Karigasniemi
17%
Satama Kaskinen
17%
Satama Eckerö
11%
Norja Näätämö
11%
Norja Kivilompolo
8%
Satama Långnäs
3%
Ehtoja vastaavia visoja ei löytynyt
Tulosjakauma
Jokaisen tuloksen saaneiden osuus
Persentiili vastausten määrän mukaan
Tuloshistoriasi
Et ole pelannut tätä visaa